000 00324nam a22001337a 4500
008 250728b |||||||| |||| 00| 0 eng d
020 _a04718091X
050 _aHD31
_b.K84
100 _aLAWRENCE, Kuhn Robert
245 _aTo Flourish Among Giants
260 _aCanada
_bJohn Wiley
_c1993
300 _axi, 494p.
942 _cBK
999 _c4376
_d4376